000 00688nas a2200253 a 4500
999 _c1902
_d1902
005 20200122133154.0
007 ta
008 750918c20119999ii br p gv 0 a0eng d
022 0 _21
040 _aKO
_beng
_cKO
041 _aeng
082 0 0 _223
_a338.910954
_bW89317
110 2 _aWorld Bank
245 1 4 _aThe World Bank in India
260 3 _aNew Delhi,
_bWorld Bank.
_c2011--2012
300 _c25 cm
310 _aBimonthly
362 0 _a2011-2012
555 _aConsolidated index, 1974-1978, pub. 1979.
588 _aLatest issue consulted: 2008
650 0 _aWorld Bank
_zIndia
_vPeriodicals
650 0 _aEconomic development projects
_zIndia
_vPeriodicals
942 _2ddc
_cPE